000 00321nam a22001337a 4500
008 171018b xxu||||| |||| 00| 0 eng d
020 _a0939246066
041 _aeng
080 _a338
100 _a53
101 _aMEN
245 _aPRODUCTION AND INVENTORY MANAGEMENT IN THE COMPUTER AGE
_cWIGHT,O,W
942 _2udc
_cBK
999 _c34765
_d34765